000 00577nam a2200193Ia 4500
008 220216s9999 xx 000 0 und d
100 _aMandal Subrata
245 0 _aPlantation agriculture: concepts, history, plant-pathological perspectives
260 _bDiseases of Plantations Crops, Spices, Betelvine and Mulberry. Edited by Dasgupta. M K. p.1-10
500 _aSource Year: 2001
650 _aCocoa
650 _aCoffe
650 _aPlantation agriculture
650 _aRubber
650 _aTea
700 _aDasgupta M K
856 _uRPP.80(11)
942 _cJS
999 _c65107
_d65107